Zákon o prechode niektorých pôsobností z orgánov štátnej správy na obce a na vyššie územné celky

Zákon č. 416 z 20. septembra 2001 o prechode niektorých pôsobností z orgánov štátnej správy na obce a na vyššie územné celky.

Salvato in:
Dettagli Bibliografici
Natura: Capitolo di libro
Lingua:slovacco
Soggetti:
Tags: Aggiungi Tag
Nessun Tag, puoi essere il primo ad aggiungerne!!

MARC

LEADER 00000naa a2200000 4500
001 r044011
005 20230927104622.0
041 0 |a slo 
044 |a SK 
245 1 0 |a Zákon o prechode niektorých pôsobností z orgánov štátnej správy na obce a na vyššie územné celky 
520 |a Zákon č. 416 z 20. septembra 2001 o prechode niektorých pôsobností z orgánov štátnej správy na obce a na vyššie územné celky. 
610 2 0 |a orgány štátne 
610 2 0 |a vyššie územné celky 
610 2 0 |a obce 
610 2 0 |a kraje 
610 2 0 |a samospráva 
610 2 0 |a samospráva miestna 
610 2 0 |a samospráva regionálna 
610 2 0 |a zákony 
610 2 0 |a členenie územné administratívne 
610 2 0 |a Slovensko